Patrimoine architectural Européen

Na minha lista:
Detalhes bibliográficos
Formato: Livro
Idioma:Língua grega antiga
Publicado em: Athens : CEDG, 1994
Assuntos:
Tags: Adicionar Tag
Sem tags, seja o primeiro a adicionar uma tag!

MARC

LEADER 00000nam a22000003a 4500
001 stu12109
005 20150408181808.0
008 951204s1994----gr------------------grc-d
040 |a STU  |b slo 
041 0 |a grc 
044 |a gr 
245 |a Patrimoine architectural Européen 
260 |a Athens :  |b CEDG,  |c 1994 
650 7 |a architektúra súčasná  |2 stusub 
650 7 |a divadlo  |2 stusub 
650 7 |a teatro  |2 estusub 
996 |b 284AU02566  |c A*2823 U  |l AAKNAR  |s A  |a 24  |w stu12109_0001